000 00260nam a2200121Ia 4500
008 190216s9999||||xx |||||||||||||| ||und||
100 _aNull
245 0 _aIslamic Savants And Wahhabis
260 _bHutchinson
300 _a191p
650 _aArabic
942 _cBK
999 _c138
_d138